The 2 times table in 15 seconds - Statistics

General Stats
  • This quiz has been taken 865 times
    864 since last reset
  • The average score is 16 of 20
Answer Stats
Answer % Correct
2
99%
4
97%
12
96%
6
96%
8
96%
10
95%
14
93%
16
91%
18
90%
20
87%
22
83%
24
81%
26
77%
28
76%
30
69%
32
65%
34
61%
36
52%
38
48%
40
41%
No matching quizzes found
Score Distribution
Percent of People with Each Score
Percentile by Number Answered
Your Score History
You have not taken this quiz since the last reset